U.S. States with No Sales Tax - Statistics

General Stats
  • This quiz has been taken 74 times
    35 since last reset
  • The average score is 3 of 5
Answer Stats
State % Correct
New Hampshire
72%
Alaska
68%
Oregon
60%
Delaware
48%
Montana
44%
No matching quizzes found
Score Distribution
Percent of People with Each Score
Percentile by Number Answered
Your Score History
You have not taken this quiz since the last reset